| 000 | 01132nam a2200313 c 4500 | ||
|---|---|---|---|
| 003 | BLK | ||
| 005 | 20190624085506.0 | ||
| 008 | 180412b bul|||||r ||||||| ||bul|| | ||
| 010 | _aKNG00015555000 | ||
| 020 |
_a954-90786-2-0 _bиздат.: ЛИК |
||
| 040 | _aBLK | ||
| 041 |
_aBUL _cBUL |
||
| 080 |
_aБългарска литература _b821.163.2 _x-31 _z821.163.2-31 |
||
| 100 | 1 |
_aХристозов, Петър _eпърви автор _9251078 |
|
| 700 | 1 |
_aВълчев, Христо Димитров _9258741 |
|
| 139 |
_aХристозов, Петър _bХ 82 |
||
| 245 | 1 | 0 |
_aВласт и убийство _bРоман _cПетър Христозов; Христо Димитров Вълчев. |
| 257 | _aBGR | ||
| 260 |
_аСофия _bЛИК _c2001 _fСофия : ЛИК |
||
| 300 |
_a172 с. _c20 см |
||
| 380 | _aX | ||
| 500 | _aПетър Христозов - псевд. на Христо Вълчев. - Офс. изд. | ||
| 653 | _aромани | ||
| 852 | _aЦб 210405 | ||
| 856 | 4 |
_qpdf _u |
|
| 856 | 4 |
_qpdf _u |
|
| 942 |
_cKNG _n0 _01 |
||
| 944 |
_aCR _c15.01.2003 _kЛюдмила_Стоянова |
||
| 944 |
_aED _c04.02.2005 _k |
||
| 999 |
_c13866 _d13866 |
||